Biometry : the principles and practice of statistics in biological research /

Guardado en:
Autor Principal: Sokal, Robert R.
Otros Autores: Rohlf, F. James, 1936-
Formato: Libro
Idioma:English
Publicado: San Francisco : W. H. Freeman, c1981.
Edición:2nd ed.
Materias:
Etiquetas: Agregar Etiqueta
Sin Etiquetas, Sea el primero en etiquetar este registro!
LEADER 00783pam a2200253 a 4500
001 MAT.inmabb006298
008 810112s1981####caua#####b####001#0#eng#b
005 20171226190134.0
245 1 0 |a Biometry :  |b the principles and practice of statistics in biological research /  |c Robert R. Sokal and F. James Rohlf. 
250 |a 2nd ed. 
260 |a San Francisco :  |b W. H. Freeman,  |c c1981. 
300 |a xviii, 859 p. :  |b il. ;  |c 24 cm. 
504 |a Bibliografía: p. 826-837. 
500 |a Incluye índice. 
020 |a 0716712547 
100 1 |a Sokal, Robert R. 
700 1 |a Rohlf, F. James,  |d 1936- 
650 0 |a Biometry. 
650 2 |a Biometry. 
084 |a *CODIGO*  |2 MR 
010 |a  81000004  
040 |a DLC  |c DLC  |d DLC 
060 |a QH 323.5 S683b 
859 |p A-5786  |b BIB. MATEMATICA